[Event "BL 0809 OSC Baden Baden - Schachfr. Ber"]
[Site "?"]
[Date "2008.11.29"]
[Round "5.3"]
[White "Schneider, Ilja"]
[Black "Bacrot, Etienne"]
[Result "0-1"]
[WhiteElo "2486"]
[BlackElo "2705"]
[PlyCount "94"]
[EventDate "2008.??.??"]

1. d4 g6 2. e4 Bg7 3. Nc3 d6 4. Nf3 a6 5. Bg5 b5 6. a4 b4 7. Nd5 a5 8. Bc4 h6
9. Bh4 Bb7 10. e5 dxe5 11. dxe5 g5 12. Bg3 e6 13. Nf6+ Nxf6 14. Qxd8+ Kxd8 15.
exf6 Bxf6 16. O-O-O+ Kc8 17. Be5 Bxe5 18. Nxe5 Rf8 19. Nxf7 Rxf7 20. Bxe6+ Rd7
21. h4 Bxg2 22. Rh2 Bf3 23. hxg5 Bxd1 24. gxh6 Kb7 25. Bxd7 Nxd7 26. Kxd1 Rh8
27. h7 c5 28. Kd2 Nf8 29. Rh5 Kc6 30. Rh6+ Kd5 31. Rh5+ Kd6 32. Rh6+ Kc7 33.
Rh5 Rxh7 34. Rxc5+ Kb6 35. Rb5+ Ka6 36. Rf5 Nd7 37. c3 b3 38. Rb5 Rh4 39. Rxb3
Rxa4 40. Ke3 Nb6 41. Kd3 Rf4 42. Ke2 Rf8 43. Ra3 Re8+ 44. Kd3 Rd8+ 45. Kc2 Rf8
46. b4 Rxf2+ 47. Kc1 Nc4 0-1

[Event "BL 0809 OSC Baden Baden - Schachfr. Ber"]
[Site "?"]
[Date "2008.11.29"]
[Round "5.4"]
[White "Naiditsch, Arkadij"]
[Black "Kraemer, Martin"]
[Result "1-0"]
[WhiteElo "2678"]
[BlackElo "2482"]
[PlyCount "53"]
[EventDate "2008.??.??"]

1. e4 c5 2. Nf3 d6 3. d4 cxd4 4. Nxd4 Nf6 5. Nc3 Nc6 6. Bg5 e6 7. Qd2 Be7 8.
O-O-O O-O 9. f3 Nxd4 10. Qxd4 a6 11. h4 b5 12. Kb1 Bb7 13. Bd3 Rc8 14. a3 Rc5
15. g4 Qc7 16. Bd2 Nd7 17. g5 Ne5 18. f4 Nf3 19. Qf2 Nxd2+ 20. Qxd2 Rc8 21.
Rhf1 Qb6 22. f5 Bc6 23. Ne2 Rb8 24. Nf4 Bd7 25. f6 Bf8 26. fxg7 Bxg7 27. Nh5
1-0

[Event "BL 0809 OSC Baden Baden - Schachfr. Ber"]
[Site "?"]
[Date "2008.11.29"]
[Round "5.5"]
[White "Berndt, Stephan"]
[Black "Nielsen, Peter-Heine"]
[Result "1/2-1/2"]
[WhiteElo "2440"]
[BlackElo "2662"]
[PlyCount "63"]
[EventDate "2008.??.??"]

1. e4 e5 2. Nf3 Nc6 3. Bb5 a6 4. Ba4 Nf6 5. Qe2 b5 6. Bb3 Be7 7. O-O O-O 8. c3
d5 9. d3 Bb7 10. Nbd2 Re8 11. a3 Bf8 12. exd5 Nxd5 13. Ne4 f6 14. Rd1 Kh8 15.
Nh4 Nf4 16. Qf3 g5 17. Nf5 Ne7 18. Bxf4 exf4 19. Nd4 Nd5 20. Re1 c5 21. Nf5 c4
22. Bc2 cxd3 23. Bxd3 Ne3 24. Nd4 Nc4 25. Qh5 h6 26. Nf5 Qxd3 27. Nxh6 Bxe4 28.
Nf5+ Kg8 29. Qg6+ Kh8 30. Qxf6+ Kg8 31. Qg6+ Kh8 32. Qf6+ 1/2-1/2

[Event "BL 0809 OSC Baden Baden - Schachfr. Ber"]
[Site "?"]
[Date "2008.11.29"]
[Round "5.7"]
[White "Rudolf, Henrik"]
[Black "Dautov, Rustem"]
[Result "1/2-1/2"]
[WhiteElo "2368"]
[BlackElo "2601"]
[PlyCount "82"]
[EventDate "2008.??.??"]

1. e4 c6 2. d4 d5 3. e5 Bf5 4. Nd2 e6 5. Nb3 Nd7 6. Nf3 Bg6 7. Be2 Nh6 8. O-O
Nf5 9. c3 a6 10. Ne1 c5 11. g3 Rc8 12. Ng2 cxd4 13. cxd4 Ne7 14. Bd3 Nc6 15.
Bxg6 hxg6 16. Bd2 Nb6 17. Ba5 Nxa5 18. Nxa5 Qd7 19. Ne3 Bb4 20. Nb3 Nc4 21. Qe2
O-O 22. Rac1 b5 23. Rfd1 Rc6 24. Nxc4 bxc4 25. Na1 Rb8 26. b3 Rbc8 27. bxc4
Rxc4 28. Rxc4 Rxc4 29. Nc2 Bc3 30. Rb1 Qa7 31. Kg2 Bxd4 32. Nxd4 Qxd4 33. Rb8+
Kh7 34. Rb7 Kg8 35. Rb8+ Kh7 36. Rb7 Qe4+ 37. Qxe4 dxe4 38. Rxf7 Rc2 39. Kf1
Rxa2 40. Re7 Kg8 41. h4 Ra5 1/2-1/2

[Event "BL 0809 OSC Baden Baden - Schachfr. Ber"]
[Site "?"]
[Date "2008.11.29"]
[Round "5.8"]
[White "Schlosser, Philipp"]
[Black "Thinius, Marco"]
[Result "1-0"]
[WhiteElo "2567"]
[BlackElo "2421"]
[PlyCount "81"]
[EventDate "2008.??.??"]

1. d4 Nf6 2. c4 e6 3. Nf3 Nc6 4. a3 d6 5. g3 g6 6. Bg2 Bg7 7. O-O O-O 8. Nc3
Re8 9. h3 a6 10. Bg5 h6 11. Be3 Bd7 12. b4 Ne7 13. a4 Qc8 14. Kh2 Nf5 15. Bd2
e5 16. e3 e4 17. Ng1 c5 18. bxc5 dxc5 19. d5 b5 20. axb5 axb5 21. Rxa8 Qxa8 22.
cxb5 Nd6 23. Qb3 Nxb5 24. Nge2 Nxc3 25. Nxc3 Rb8 26. Qc4 Rb2 27. Rd1 Qc8 28.
Be1 Rb4 29. Qa2 Kh7 30. Qa7 h5 31. d6 Qc6 32. Qc7 Rc4 33. Qd8 Ng4+ 34. hxg4
Bxc3 35. Bxc3 Rxc3 36. Qf6 Rc2 37. Qxf7+ Kh8 38. gxh5 gxh5 39. Qxh5+ Kg7 40.
Qg5+ Kh7 41. Rh1 1-0

[Event "BL 0809 SC Eppingen - Hamburger SK"]
[Site "?"]
[Date "2008.11.29"]
[Round "5.1"]
[White "Baramidze, David"]
[Black "Braun, Arik"]
[Result "1/2-1/2"]
[WhiteElo "2557"]
[BlackElo "2567"]
[PlyCount "38"]
[EventDate "2008.??.??"]

1. e4 e5 2. Nf3 Nf6 3. d4 exd4 4. e5 Ne4 5. Qxd4 d5 6. exd6 Nxd6 7. Nc3 Nc6 8.
Qf4 Nf5 9. Nb5 Bb4+ 10. Bd2 Bxd2+ 11. Nxd2 Qe7+ 12. Qe4 Be6 13. O-O-O O-O-O 14.
Bc4 Bxc4 15. Qxe7 Nfxe7 16. Nxc4 Rxd1+ 17. Rxd1 Rd8 18. Rxd8+ Kxd8 19. Kd2 Kd7
1/2-1/2

[Event "BL 0809 SC Eppingen - Hamburger SK"]
[Site "?"]
[Date "2008.11.29"]
[Round "5.2"]
[White "Balogh, Csaba"]
[Black "Kempinski, Robert"]
[Result "1-0"]
[WhiteElo "2616"]
[BlackElo "2595"]
[PlyCount "79"]
[EventDate "2008.??.??"]

1. e4 c5 2. Nf3 d6 3. d4 cxd4 4. Qxd4 a6 5. Bc4 Nc6 6. Qd3 e6 7. Nc3 Qc7 8. Bb3
Nf6 9. Bg5 Be7 10. O-O-O Bd7 11. Nd4 O-O 12. f4 Rfd8 13. f5 Nxd4 14. Qxd4 Rac8
15. Rhf1 Qc5 16. Qd3 b5 17. Be3 Qc7 18. a3 Qb7 19. Bg5 Kh8 20. Qh3 exf5 21.
exf5 Bc6 22. Rfe1 d5 23. Rd4 Kg8 24. Rh4 h6 25. Bxh6 gxh6 26. Qg3+ Kh7 27. Qg5
Bf8 28. Qxf6 Re8 29. Ne4 Bg7 30. Qg5 Rxe4 31. Rexe4 Rg8 32. f6 Bf8 33. Qf5+ Rg6
34. Re1 Qb6 35. Rg4 b4 36. Rxg6 fxg6 37. Qe6 Qb7 38. a4 h5 39. Rd1 Qc7 40. g3
1-0

[Event "BL 0809 SC Eppingen - Hamburger SK"]
[Site "?"]
[Date "2008.11.29"]
[Round "5.3"]
[White "Adly, Ahmed"]
[Black "Gyimesi, Zoltan"]
[Result "0-1"]
[WhiteElo "2586"]
[BlackElo "2592"]
[PlyCount "140"]
[EventDate "2008.??.??"]

1. Nf3 Nf6 2. c4 e6 3. g3 d5 4. Bg2 dxc4 5. Qa4+ c6 6. Qxc4 b5 7. Qc2 Bb7 8.
O-O Nbd7 9. a4 a6 10. d3 Be7 11. Nbd2 c5 12. Nb3 O-O 13. Bd2 Rc8 14. Ba5 Qe8
15. Bc3 c4 16. Na5 cxd3 17. Qxd3 Nc5 18. Qd1 Be4 19. axb5 axb5 20. Ne5 Bxg2 21.
Kxg2 Nd5 22. Bd4 f6 23. Bxc5 Bxc5 24. Nd3 Qg6 25. Nb3 Bb6 26. Nd2 h5 27. Qb3
Rfd8 28. Rfc1 Rb8 29. Rc6 Qf7 30. Rac1 e5 31. Kg1 Ne7 32. R6c2 Qxb3 33. Nxb3
Rbc8 34. Nbc5 Bxc5 35. Rxc5 Rxc5 36. Rxc5 Rd5 37. Rc7 Nf5 38. Rb7 Nd4 39. Kf1
Nf3 40. Kg2 Nd4 41. Nb4 Rc5 42. e3 Ne6 43. Na6 Rc6 44. Nb8 Rc2 45. Rxb5 Nc5 46.
b4 Ne4 47. Na6 Rxf2+ 48. Kg1 Re2 49. Rb7 Rxe3 50. b5 Rb3 51. b6 Rb1+ 52. Kg2
Rb2+ 53. Kg1 Kh7 54. Rb8 Kg6 55. h3 Kf5 56. b7 g6 57. Nc7 Nd6 58. g4+ hxg4 59.
hxg4+ Kxg4 60. Rf8 Rxb7 61. Rxf6 Rxc7 62. Rxg6+ Kf3 63. Rxd6 Rc1+ 64. Kh2 e4
65. Rf6+ Ke2 66. Kg2 e3 67. Ra6 Ke1 68. Ra2 e2 69. Kf3 Rc3+ 70. Kg2 Re3 0-1

[Event "BL 0809 SC Eppingen - Hamburger SK"]
[Site "?"]
[Date "2008.11.29"]
[Round "5.4"]
[White "Bindrich, Falko"]
[Black "Ftacnik, Lubomir Dr"]
[Result "1/2-1/2"]
[WhiteElo "2517"]
[BlackElo "2571"]
[PlyCount "48"]
[EventDate "2008.??.??"]

1. Nf3 Nf6 2. c4 c5 3. Nc3 e6 4. g3 b6 5. Bg2 Bb7 6. O-O Be7 7. b3 O-O 8. Bb2
a6 9. e3 d6 10. d4 Nbd7 11. d5 exd5 12. Nh4 g6 13. Nxd5 Nxd5 14. Bxd5 Bxd5 15.
Qxd5 b5 16. Ng2 bxc4 17. bxc4 Rb8 18. Qd2 Bf6 19. Bxf6 Qxf6 20. Rad1 Ne5 21.
Qxd6 Nf3+ 22. Kh1 Qxd6 23. Rxd6 Rb2 24. Rxa6 Nd2 1/2-1/2

[Event "BL 0809 SC Eppingen - Hamburger SK"]
[Site "?"]
[Date "2008.11.29"]
[Round "5.5"]
[White "Heinemann, Thies"]
[Black "Medvegy, Zoltan"]
[Result "0-1"]
[WhiteElo "2490"]
[BlackElo "2556"]
[PlyCount "108"]
[EventDate "2008.??.??"]

1. e4 c6 2. d4 d5 3. exd5 cxd5 4. Bd3 Nc6 5. c3 Qc7 6. Ne2 Bg4 7. f3 Bh5 8. Bf4
Qd7 9. Nd2 e6 10. O-O Bg6 11. Nb3 Nf6 12. Ng3 Be7 13. Qd2 O-O 14. Rae1 b6 15.
Bg5 Bxd3 16. Qxd3 Ne8 17. Bxe7 Nxe7 18. Nd2 a5 19. f4 Nd6 20. Nf3 f5 21. Ne5
Qc8 22. b3 b5 23. Qe3 Ra7 24. Nd3 Ne4 25. Nc5 Rc7 26. b4 Ra7 27. a3 Qc6 28. Ne2
Nc8 29. Nc1 Ncd6 30. N1b3 Nc4 31. Qc1 a4 32. Na1 Ncd2 33. Nxe4 Nxe4 34. Rf3 Rc7
35. Ree3 Rfc8 36. Qe1 Qc4 37. h3 Kh8 38. Kh2 Qc6 39. Nc2 Qd6 40. Kg1 Rc4 41.
Rd3 Qc6 42. Rfe3 h6 43. Kh1 Kh7 44. Kg1 Rc7 45. Kh1 Qe8 46. Kh2 Qc8 47. Qa1
Nxc3 48. Ne1 Ne4 49. Rd1 Rc1 50. Rxc1 Rxc1 51. Qb2 Qc4 52. Re2 Rc3 53. Nf3 Rb3
54. Qa2 Nc3 0-1

[Event "BL 0809 SC Eppingen - Hamburger SK"]
[Site "?"]
[Date "2008.11.29"]
[Round "5.6"]
[White "Guliyev, Namig"]
[Black "Beikert, Guenther Dr"]
[Result "1-0"]
[WhiteElo "2521"]
[BlackElo "2470"]
[PlyCount "57"]
[EventDate "2008.??.??"]

1. e4 e5 2. Nf3 Nc6 3. Bb5 a6 4. Ba4 Nf6 5. O-O Be7 6. Re1 b5 7. Bb3 O-O 8. h3
d6 9. c3 Na5 10. Bc2 c5 11. d4 Qc7 12. Nbd2 cxd4 13. cxd4 Nc6 14. a3 exd4 15.
Nb3 d3 16. Bxd3 Ne5 17. Nbd4 Nxd3 18. Qxd3 Nd7 19. Bf4 Ne5 20. Bxe5 dxe5 21.
Rac1 Qd6 22. Rc6 Qb8 23. Nf5 Ra7 24. Rec1 Bf6 25. g4 Rd7 26. Qe3 Be7 27. Qc3
Bb7 28. Nxe5 b4 29. Nxd7 1-0

[Event "BL 0809 SC Eppingen - Hamburger SK"]
[Site "?"]
[Date "2008.11.29"]
[Round "5.7"]
[White "Reeh, Oliver"]
[Black "Mann, Christian"]
[Result "1-0"]
[WhiteElo "2429"]
[BlackElo "2461"]
[PlyCount "43"]
[EventDate "2008.??.??"]

1. e4 e6 2. d4 d5 3. Nd2 Nf6 4. e5 Nfd7 5. Ngf3 c5 6. c3 cxd4 7. cxd4 Nc6 8.
Bd3 a5 9. O-O Qb6 10. Nb1 Nxd4 11. Nxd4 Qxd4 12. Nc3 Qxe5 13. Re1 Qb8 14. Nxd5
Bd6 15. Qh5 Kf8 16. Qh4 f6 17. Rxe6 Kf7 18. Qh5+ Kxe6 19. Bf5+ Kxd5 20. Qf3+
Kc4 21. Bd3+ Kb4 22. Qe4+ 1-0

[Event "BL 0809 SC Eppingen - Hamburger SK"]
[Site "?"]
[Date "2008.11.29"]
[Round "5.8"]
[White "Vogt, Lothar"]
[Black "Sebastian, Dirk"]
[Result "1/2-1/2"]
[WhiteElo "2446"]
[BlackElo "2432"]
[PlyCount "102"]
[EventDate "2008.??.??"]

1. Nf3 g6 2. e4 Bg7 3. d4 d6 4. h3 Nf6 5. Nc3 O-O 6. Be3 c6 7. a4 Nbd7 8. Qd2
e5 9. dxe5 dxe5 10. Rd1 Qe7 11. Qd6 Qxd6 12. Rxd6 Re8 13. Bc4 Bf8 14. Rd3 h6
15. O-O Nc5 16. Bxc5 Bxc5 17. Rfd1 Bb6 18. g4 Kg7 19. Kg2 Nh7 20. Ng1 Nf8 21.
Nge2 Bc7 22. b4 Ne6 23. f3 Rh8 24. Rh1 h5 25. Rdd1 hxg4 26. hxg4 Rxh1 27. Kxh1
Bd8 28. Kg2 Be7 29. b5 a6 30. bxc6 bxc6 31. Rb1 Bd8 32. Na2 a5 33. Nac1 Bc7 34.
Nd3 Rb8 35. Rb3 Kf6 36. Rxb8 Bxb8 37. c3 Bd6 38. Nec1 Nc5 39. Nxc5 Bxc5 40. Nd3
Bd6 41. Kf2 Bd7 42. Ke3 Be8 43. Ba6 Kg5 44. c4 f6 45. c5 Bf8 46. Bc4 Kh4 47.
Kf2 Bh6 48. Ke2 Kg3 49. Be6 Bf8 50. Ke3 Kg2 51. Ke2 Kg3 1/2-1/2

[Event "BL 0809 Solinger SG - TV Tegernsee"]
[Site "?"]
[Date "2008.11.30"]
[Round "6.1"]
[White "Volokitin, Andrei"]
[Black "Stellwagen, Daniel"]
[Result "1/2-1/2"]
[WhiteElo "2659"]
[BlackElo "2605"]
[PlyCount "93"]
[EventDate "2008.??.??"]

1. e4 c5 2. Nf3 e6 3. d4 cxd4 4. Nxd4 a6 5. Nc3 Qc7 6. Bd3 Nf6 7. f4 b5 8. e5
b4 9. Na4 Nd5 10. Be4 Bb7 11. O-O Be7 12. Nf5 Qc4 13. Bxd5 Qxd5 14. Qxd5 Bxd5
15. Nxe7 Kxe7 16. Be3 Nc6 17. Nb6 Rab8 18. Rfd1 d6 19. exd6+ Kxd6 20. c4 bxc3
21. bxc3 Ke7 22. Bc5+ Kf6 23. Nxd5+ exd5 24. Rxd5 Rhe8 25. Rad1 Rbc8 26. Bf2 h6
27. Rc5 Ke7 28. Rc4 Red8 29. Rxd8 Kxd8 30. Kf1 Kd7 31. Ke2 Rb8 32. Ra4 Rb2+ 33.
Kf3 a5 34. f5 Rc2 35. Bd4 g6 36. fxg6 fxg6 37. Bg7 h5 38. h4 Ke6 39. g3 Kd5 40.
Kf4 Rg2 41. Bd4 Ke6 42. Bb6 Rc2 43. Ra3 Kf7 44. Kg5 Rb2 45. Bc7 Rb7 46. Bf4 Kg7
47. Be3 1/2-1/2

[Event "BL 0809 Solinger SG - TV Tegernsee"]
[Site "?"]
[Date "2008.11.30"]
[Round "6.3"]
[White "Sokolov, Andrei"]
[Black "Sandipan, Chanda"]
[Result "1/2-1/2"]
[WhiteElo "2559"]
[BlackElo "2579"]
[PlyCount "32"]
[EventDate "2008.??.??"]

1. e4 e5 2. Nf3 Nf6 3. Nxe5 d6 4. Nf3 Nxe4 5. Nc3 Nxc3 6. dxc3 Be7 7. Bf4 Nc6
8. Qd2 Be6 9. Nd4 Nxd4 10. cxd4 O-O 11. Bd3 Bf6 12. O-O Qd7 13. Bg5 Bxd4 14.
Bxh7+ Kxh7 15. Qxd4 f6 16. Bd2 Qc6 1/2-1/2

[Event "BL 0809 Solinger SG - TV Tegernsee"]
[Site "?"]
[Date "2008.11.30"]
[Round "6.4"]
[White "Buhmann, Rainer"]
[Black "Rozentalis, Eduardas"]
[Result "0-1"]
[WhiteElo "2541"]
[BlackElo "2577"]
[PlyCount "68"]
[EventDate "2008.??.??"]

1. Nf3 Nf6 2. c4 e6 3. g3 d5 4. d4 dxc4 5. Bg2 Bd7 6. Ne5 Bc6 7. Nxc6 Nxc6 8.
O-O Qd7 9. Nd2 Nxd4 10. Nxc4 O-O-O 11. e3 Nc6 12. Qb3 Nd5 13. Rd1 Qe8 14. Bd2
Bc5 15. a3 h5 16. Qc2 Kb8 17. b4 Bd6 18. Rac1 h4 19. e4 Nb6 20. e5 Nxc4 21.
exd6 Nxd6 22. Be3 Nf5 23. b5 Rxd1+ 24. Rxd1 Nxe3 25. fxe3 Ne7 26. a4 hxg3 27.
hxg3 Nf5 28. Qe4 Qc8 29. a5 f6 30. a6 Nd6 31. Qa4 Qe8 32. Rb1 Qg6 33. Qb3 Qxg3
34. axb7 Ne4 0-1

[Event "BL 0809 Solinger SG - TV Tegernsee"]
[Site "?"]
[Date "2008.11.30"]
[Round "6.7"]
[White "Bromberger, Stefan"]
[Black "Ernst, Sipke"]
[Result "1/2-1/2"]
[WhiteElo "2504"]
[BlackElo "2576"]
[PlyCount "67"]
[EventDate "2008.??.??"]

1. d4 d5 2. c4 c6 3. Nc3 Nf6 4. Nf3 a6 5. g3 dxc4 6. a4 e6 7. Bg2 c5 8. dxc5
Qxd1+ 9. Nxd1 Bxc5 10. Be3 Nbd7 11. Nd2 Bxe3 12. Nxe3 c3 13. bxc3 Nc5 14. O-O
Ke7 15. Rfb1 Bd7 16. a5 Rab8 17. Rb4 Rhc8 18. Nb3 Nxb3 19. Rxb3 Bc6 20. Bxc6
Rxc6 21. Rab1 Rc7 22. Rb4 Nd7 23. Nc4 Nc5 24. Nb6 Rc6 25. Rc4 Nd7 26. Nxd7 Kxd7
27. Rd4+ Ke8 28. Rb3 Rc7 29. Rdb4 Kd8 30. Rg4 g6 31. Rf4 Rd7 32. Rfb4 Kc8 33.
Rf4 Kd8 34. Rfb4 1/2-1/2

[Event "BL 0809 Solinger SG - TV Tegernsee"]
[Site "?"]
[Date "2008.11.30"]
[Round "6.8"]
[White "Gabriel, Christian"]
[Black "Hertneck, Gerald"]
[Result "1/2-1/2"]
[WhiteElo "2509"]
[BlackElo "2519"]
[PlyCount "91"]
[EventDate "2008.??.??"]

1. d4 Nf6 2. c4 e6 3. Nc3 Bb4 4. e3 b6 5. Nge2 Bb7 6. a3 Be7 7. d5 O-O 8. Ng3
d6 9. e4 c5 10. Be2 Re8 11. O-O Nbd7 12. dxe6 fxe6 13. f4 Nf8 14. f5 Qd7 15.
Bg5 Rad8 16. Qd2 h6 17. Bxf6 Bxf6 18. Bh5 Re7 19. fxe6 Qxe6 20. Nf5 Red7 21.
Nd5 Bxd5 22. exd5 Qe5 23. Rae1 Qxb2 24. Qxb2 Bxb2 25. Be8 Be5 26. Bxd7 Rxd7 27.
g3 Ng6 28. a4 Nh8 29. Nh4 g6 30. Re4 Kg7 31. Ng2 g5 32. Ne3 Nf7 33. Kg2 Kg6 34.
Nf5 h5 35. h3 Nd8 36. Ne3 Nf7 37. Rf2 Rb7 38. Nc2 a6 39. Na3 Nh6 40. Rf8 Nf5
41. g4 hxg4 42. hxg4 Nd4 43. Re1 Rh7 44. Rh1 Re7 45. Rf2 Bf4 46. Nc2 1/2-1/2

[Event "BL 0809 SV Wattenscheid - Bayern Münche"]
[Site "?"]
[Date "2008.11.30"]
[Round "6.1"]
[White "Marcelin, Cyril"]
[Black "Najer, Evgeniy"]
[Result "0-1"]
[WhiteElo "2494"]
[BlackElo "2682"]
[PlyCount "74"]
[EventDate "2008.??.??"]

1. d4 d5 2. c4 c6 3. cxd5 cxd5 4. Nc3 Nf6 5. Nf3 Nc6 6. Bf4 Bf5 7. Qb3 Na5 8.
Qa4+ Bd7 9. Qc2 Rc8 10. e3 b5 11. a3 e6 12. Bd3 Be7 13. O-O O-O 14. Ne5 Nc4 15.
Rfc1 h6 16. Qe2 Qb6 17. g4 Qb7 18. g5 hxg5 19. Bxg5 Be8 20. f4 Nh7 21. Bxe7
Qxe7 22. Kh1 Nxe5 23. Bxh7+ Kxh7 24. fxe5 f6 25. exf6 Rxf6 26. Rf1 Rh6 27. Rf4
a5 28. Nxb5 e5 29. dxe5 Qxe5 30. Nd4 Bg6 31. Nf3 Qe7 32. Rg1 Rc2 33. Qd1 Be4
34. Rg2 Rxg2 35. Kxg2 g5 36. Rg4 Rf6 37. Rg3 Rxf3 0-1

[Event "BL 0809 SV Wattenscheid - Bayern Münche"]
[Site "?"]
[Date "2008.11.30"]
[Round "6.2"]
[White "Bartel, Mateusz"]
[Black "Belezky, Alexander"]
[Result "1-0"]
[WhiteElo "2602"]
[BlackElo "2466"]
[PlyCount "91"]
[EventDate "2008.??.??"]

1. e4 e6 2. d4 d5 3. Nc3 Bb4 4. e5 c5 5. a3 Bxc3+ 6. bxc3 Qa5 7. Bd2 Qa4 8. Qb1
a6 9. Qb3 Qxb3 10. cxb3 cxd4 11. cxd4 Nc6 12. Nf3 Nge7 13. Bd3 Nf5 14. Bc3 h5
15. Kd2 Bd7 16. h3 h4 17. Rag1 Nce7 18. g4 hxg3 19. fxg3 Bb5 20. Bb1 a5 21. a4
Bd7 22. Bd3 b6 23. h4 Rb8 24. g4 Nh6 25. h5 b5 26. Nh4 bxa4 27. bxa4 Bxa4 28.
g5 Nhf5 29. Nxf5 exf5 30. Bxa5 Kd7 31. Rb1 Rxb1 32. Bxb1 Ke6 33. Bb4 Nc6 34.
Bc5 Na5 35. Ke3 g6 36. hxg6 Rxh1 37. g7 Nc4+ 38. Kf2 Rxb1 39. g8=Q f4 40. Qc8+
Bd7 41. Qh8 Kf5 42. Qh7+ Kxg5 43. Be7+ Kg4 44. Qxb1 Be6 45. Qd1+ Kf5 46. Kf3
1-0

[Event "BL 0809 SV Wattenscheid - Bayern Münche"]
[Site "?"]
[Date "2008.11.30"]
[Round "6.3"]
[White "Jorczik, Julian"]
[Black "Rustemov, Alexander"]
[Result "0-1"]
[WhiteElo "2382"]
[BlackElo "2520"]
[PlyCount "92"]
[EventDate "2008.??.??"]

1. d4 Nf6 2. c4 c6 3. Nc3 d5 4. Nf3 dxc4 5. a4 Bf5 6. e3 e6 7. Bxc4 Bb4 8. O-O
O-O 9. Nh4 Nbd7 10. Nxf5 exf5 11. Qd3 g6 12. f3 Qb6 13. Na2 Be7 14. b4 a5 15.
b5 c5 16. d5 Ne8 17. Qb3 Bf6 18. Bb2 Bxb2 19. Qxb2 Nd6 20. Rac1 Rae8 21. Rfe1
Re5 22. Bf1 Rfe8 23. Qd2 c4 24. Kh1 Nc5 25. Bxc4 Nxa4 26. Bf1 Nc5 27. Rc3 Nd7
28. Ra3 Nf6 29. Qxa5 Qxa5 30. Rxa5 Nxd5 31. Rd1 Nxe3 32. Rxd6 Nxf1 33. Rd1 Ne3
34. Rg1 b6 35. Ra3 Rxb5 36. f4 Kf8 37. h3 Ra5 38. Rxa5 bxa5 39. Rb1 Nd5 40. Rb5
Nxf4 41. Rxa5 Re2 42. g4 fxg4 43. hxg4 Rg2 44. g5 Rg4 45. Nc3 Ne6 46. Ra8+ Kg7
0-1

[Event "BL 0809 SV Wattenscheid - Bayern Münche"]
[Site "?"]
[Date "2008.11.30"]
[Round "6.4"]
[White "Czarnota, Pawel"]
[Black "Heinzel, Olaf"]
[Result "1/2-1/2"]
[WhiteElo "2531"]
[BlackElo "2378"]
[PlyCount "71"]
[EventDate "2008.??.??"]

1. e4 e5 2. Nf3 Nc6 3. Bb5 a6 4. Ba4 Nf6 5. O-O d6 6. Re1 Be7 7. Bxc6+ bxc6 8.
d4 Nd7 9. dxe5 Nxe5 10. Nxe5 dxe5 11. Nd2 Be6 12. Qh5 Bd6 13. Nf3 Qf6 14. Ng5
g6 15. Qe2 Bd7 16. Qc4 h6 17. Nf3 g5 18. Nd2 Qe6 19. Qc3 O-O 20. Nc4 f5 21.
exf5 Qxf5 22. Be3 Rf6 23. Rad1 Rb8 24. a3 h5 25. Qd3 g4 26. Qxf5 Bxf5 27. Rd2
Bf8 28. b4 Re8 29. Bd4 Rfe6 30. Rxe5 Rxe5 31. Nxe5 c5 32. bxc5 Bxc5 33. Bxc5
Rxe5 34. Be3 Ra5 35. Kf1 Kf7 36. Ke1 1/2-1/2

[Event "BL 0809 SV Wattenscheid - Bayern Münche"]
[Site "?"]
[Date "2008.11.30"]
[Round "6.5"]
[White "Reich, Thomas"]
[Black "Appel, Ralf"]
[Result "1/2-1/2"]
[WhiteElo "2404"]
[BlackElo "2541"]
[PlyCount "42"]
[EventDate "2008.??.??"]

1. d4 Nf6 2. c4 c6 3. Nc3 d5 4. e3 g6 5. Nf3 Bg7 6. Bd3 O-O 7. O-O Bg4 8. h3
Bxf3 9. Qxf3 e6 10. b3 a6 11. Bb2 Nbd7 12. Rfd1 Re8 13. Rd2 Rc8 14. Rad1 e5 15.
cxd5 cxd5 16. dxe5 Nxe5 17. Qf4 Nh5 18. Qb4 b5 19. Be2 Nc6 20. Qg4 Ne5 21. Qb4
Nc6 1/2-1/2

[Event "BL 0809 SV Wattenscheid - Bayern Münche"]
[Site "?"]
[Date "2008.11.30"]
[Round "6.6"]
[White "Handke, Florian"]
[Black "Meister, Peter"]
[Result "1-0"]
[WhiteElo "2498"]
[BlackElo "2388"]
[PlyCount "118"]
[EventDate "2008.??.??"]

1. e4 e6 2. d4 d5 3. Nd2 h6 4. Ngf3 Nf6 5. e5 Nfd7 6. Bd3 c5 7. c3 Nc6 8. O-O
g5 9. dxc5 Bxc5 10. Nb3 Bb6 11. Re1 g4 12. Nfd4 Ncxe5 13. Bf4 Qf6 14. Bg3 h5
15. Bb5 O-O 16. Qe2 Ng6 17. Rad1 a6 18. Bd3 Rd8 19. Bxg6 Qxg6 20. Bh4 Rf8 21.
c4 e5 22. Nc2 d4 23. Nb4 Bd8 24. Bxd8 Rxd8 25. Nd5 Kg7 26. f4 gxf3 27. Qxf3 Qg5
28. Rf1 Rf8 29. Qe2 h4 30. Kh1 a5 31. Rde1 Ra6 32. Nd2 Re6 33. Nf3 Qh6 34. Qf2
f5 35. Qxh4 Rh8 36. Nc7 Qxh4 37. Nxe6+ Kf6 38. Nxh4 Rxh4 39. Nc7 b6 40. Ne8+
Ke7 41. Ng7 Nc5 42. Rxe5+ Kf6 43. Nxf5 Rxh2+ 44. Kxh2 Kxe5 45. Ne7 Bd7 46. Re1+
Kd6 47. Nd5 b5 48. Nb6 Be6 49. cxb5 Bxa2 50. Nc8+ Kd5 51. Nb6+ Kd6 52. Nc8+ Kd5
53. Re8 d3 54. Rd8+ Ke4 55. Nd6+ Ke5 56. b6 Bd5 57. Nb5 Nb7 58. Re8+ Be6 59.
Re7 Kd5 1-0

[Event "BL 0809 SV Wattenscheid - Bayern Münche"]
[Site "?"]
[Date "2008.11.30"]
[Round "6.7"]
[White "Rodewis, Thomas Dr"]
[Black "Dinstuhl, Volkmar Dr"]
[Result "0-1"]
[WhiteElo "2376"]
[BlackElo "2436"]
[PlyCount "82"]
[EventDate "2008.??.??"]

1. d4 Nf6 2. c4 g6 3. Nc3 d5 4. Bf4 Bg7 5. e3 c5 6. dxc5 Qa5 7. Rc1 dxc4 8.
Bxc4 O-O 9. Nf3 Qxc5 10. Qe2 Nc6 11. h3 Na5 12. Nd2 Nxc4 13. Qxc4 Qxc4 14. Nxc4
Be6 15. Nb5 Rac8 16. b3 Nd5 17. Nxa7 Rc5 18. a4 Nc3 19. Nd2 Rd8 20. Nb5 Nxa4
21. Rxc5 Nxc5 22. b4 Nd3+ 23. Ke2 Nxf2 24. Rc1 Nd3 25. Rc7 Nxf4+ 26. exf4 Bd5
27. g3 e5 28. Nc3 Be6 29. Nce4 exf4 30. gxf4 Bxh3 31. Rxb7 Bg2 32. Rc7 Rb8 33.
Nc5 Bf8 34. Nd7 Bd6 35. Ra7 Rxb4 36. Nf6+ Kf8 37. Nxh7+ Kg7 38. Ng5 Bb7 39. f5
gxf5 40. Ra1 Rb2 41. Kd3 Rxd2+ 0-1

[Event "BL 0809 SV Wattenscheid - Bayern Münche"]
[Site "?"]
[Date "2008.11.30"]
[Round "6.8"]
[White "Straeter, Timo"]
[Black "Unzicker, Ferdinand Dr"]
[Result "1/2-1/2"]
[WhiteElo "2303"]
[BlackElo "2313"]
[PlyCount "131"]
[EventDate "2008.??.??"]

1. d4 e6 2. c4 d5 3. Nc3 c5 4. e3 Nf6 5. Nf3 Nc6 6. a3 a6 7. dxc5 Bxc5 8. b4
Ba7 9. Bb2 O-O 10. Qc2 dxc4 11. Bxc4 Qc7 12. Bd3 e5 13. Ne4 Nd7 14. Ng3 h6 15.
Nf5 Bb8 16. Rc1 Nf6 17. O-O Bxf5 18. Bxf5 Qe7 19. Qc4 Re8 20. Rfd1 Ba7 21. Bb1
Rad8 22. Ba2 Bb8 23. Rxd8 Rxd8 24. g3 Ne8 25. Bb3 Nd6 26. Qg4 Ne8 27. Nh4 Qg5
28. Qf3 Nf6 29. Qf5 Kf8 30. Qxg5 hxg5 31. Nf3 g4 32. Ng5 Rd7 33. Kf1 Ng8 34.
Ke2 g6 35. a4 Bd6 36. b5 axb5 37. axb5 Nd8 38. Ne4 Bb4 39. Rc4 Ba5 40. Bxe5 f5
41. Nc3 Nf7 42. Bd4 Ne7 43. Ra4 b6 44. Bxf7 Kxf7 45. Rc4 Ke6 46. Nb1 Rd5 47.
Na3 Kd7 48. e4 Rd6 49. Be3 Re6 50. Rd4+ Ke8 51. Nc4 Bb4 52. exf5 gxf5 53. Rd3
Kf7 54. Nxb6 Re5 55. Rb3 Rxb5 56. Kd3 Nc6 57. Kc4 Re5 58. Nd7 Re6 59. Nc5 Bxc5
60. Kxc5 Ne5 61. Kd5 Nf3 62. Rb7+ Re7 63. Rb6 Re5+ 64. Kc4 Nxh2 65. Bd4 Re6 66.
Rb7+ 1/2-1/2

[Event "BL 0809 SV Mülheim Nord - Turm Emsdette"]
[Site "?"]
[Date "2008.11.30"]
[Round "6.1"]
[White "Mchedlishvili, Mikheil"]
[Black "Kasimdzhanov, Rustam"]
[Result "1/2-1/2"]
[WhiteElo "2615"]
[BlackElo "2672"]
[PlyCount "99"]
[EventDate "2008.??.??"]

1. c4 e5 2. g3 Nf6 3. Bg2 d5 4. cxd5 Nxd5 5. Nf3 Nc6 6. O-O Nb6 7. d3 Be7 8. a3
O-O 9. Nbd2 a5 10. b3 Bg4 11. Bb2 f6 12. Qc2 Qd7 13. Rfd1 Rad8 14. Rac1 Bh3 15.
Bh1 Nd5 16. Ne4 Qg4 17. Nc5 Bxc5 18. Qxc5 Kh8 19. Qb5 Nb6 20. Re1 Qh5 21. d4
Qf7 22. dxe5 fxe5 23. Qc5 h6 24. Qe3 Rde8 25. Rxc6 bxc6 26. Nxe5 Qf6 27. f4 Nd7
28. Rc1 c5 29. Bf3 Qb6 30. Kf2 a4 31. Nxd7 Bxd7 32. Qxc5 axb3 33. Qxb6 cxb6 34.
Rc7 Re7 35. Rb7 b5 36. Bg4 Rd8 37. Bf5 Rde8 38. Bd3 Bc6 39. Rb6 Re6 40. f5 Rd6
41. g4 Kg8 42. h4 Rc8 43. Ke3 Rd5 44. g5 hxg5 45. hxg5 g6 46. fxg6 Rxg5 47. g7
Rg2 48. Kd2 Be8 49. Rh6 Rxg7 50. Bxg7 1/2-1/2